|
|
|
|
| LEADER |
00000cam a2200000 a 4500 |
| 001 |
vtls011579377 |
| 003 |
SK-MaSNL |
| 005 |
20260302085110.0 |
| 008 |
240318s2015 xo a e n 000 0 slo |
| 015 |
|
|
|a SNBA2016/11
|
| 020 |
|
|
|a 9788055710181
|q (brož.)
|
| 035 |
|
|
|a 925DCF63-411F-4955-B823-A6E578353DB2
|
| 035 |
|
|
|a urn:nbn:sk:snk-amyccs
|
| 035 |
|
|
|a urn:nbn:sk:snk-am00cgj9
|
| 040 |
|
|
|a SNK
|b slo
|c SNK
|e AACR2
|
| 041 |
0 |
|
|a slo
|
| 044 |
|
|
|a xo
|c SK
|
| 072 |
|
7 |
|a 005
|x Manažment. Riadenie
|2 konspekt
|
| 080 |
|
|
|a 005
|2 2011
|
| 080 |
|
|
|a 658.8
|2 2011
|
| 080 |
|
|
|a 658.8:005.52
|2 2011
|
| 080 |
|
|
|a (075.8)
|2 2011
|
| 100 |
1 |
|
|a Kovaľová, Marcela,
|d 1983-
|4 aut
|9 151541
|
| 245 |
1 |
0 |
|a Manažment, marketing a výskum trhu
|c Marcela Kovaľová a kolektív
|
| 250 |
|
|
|a 1. vyd.
|
| 260 |
|
|
|a Banská Bystrica
|b Univerzita Mateja Bela
|b Belianum
|c 2015
|
| 300 |
|
|
|a 273 s.
|b sch., tab.
|c 30 cm
|
| 366 |
|
|
|e 100 výt.
|
| 504 |
|
|
|a Bibliogr.: s. 256-271 ; poznámky ; zoznam skratiek a značiek
|
| 650 |
0 |
7 |
|a manažment
|2 SNKPH
|9 922
|
| 650 |
0 |
7 |
|a Management
|2 SNKPHeng
|9 265406
|
| 650 |
0 |
7 |
|a marketing
|2 SNKPH
|9 2299
|
| 650 |
0 |
7 |
|a marketingový výskum
|2 SNKPH
|9 3723
|
| 650 |
0 |
7 |
|a Marketing research
|2 SNKPHeng
|9 313124
|
| 655 |
|
7 |
|a učebnice vysokých škôl
|2 SNKPH
|9 70191
|
| 655 |
|
7 |
|a Textbooks (higher)
|2 SNKPHeng
|9 276436
|
| 852 |
|
|
|a Štátna vedecká knižnica v Banskej Bystrici
|
| 919 |
|
|
|a 978-80-557-1018-1
|
| 958 |
|
|
|a NB
|
| 999 |
|
|
|c 1190713
|d 1192643
|
| 952 |
|
|
|a SNK
|b SNK
|y PREZ
|7 0
|p 17A1216152
|o snkSB 90686
|i snk2016/23348
|8 0
|0 0
|1 0
|4 0
|d 2016-10-06
|f 1
|l 0
|r 2025-05-13 00:00:00
|w 2026-02-24
|
| 952 |
|
|
|a SNK
|b SNK
|y VYP
|7 0
|p 17A1216153
|o snkSB 90686 D1
|i snk2016/23349
|8 0
|0 0
|1 0
|4 0
|d 2016-10-06
|l 0
|r 2026-02-24 22:10:24
|w 2026-02-24
|